Quién de nosotros /
Đã lưu trong:
| Tác giả chính: | |
|---|---|
| Định dạng: | Không biết |
| Ngôn ngữ: | Spanish |
| Được phát hành: |
México :
Editorial Nueva Imagen,
1977.
|
| Những chủ đề: | |
| Các nhãn: |
Thêm thẻ
Không có thẻ, Là người đầu tiên thẻ bản ghi này!
|
MARC
| LEADER | 000000000a22000000004500 | ||
|---|---|---|---|
| 001 | 011718 | ||
| 020 | |a 9684290470 | ||
| 041 | 0 | |a spa | |
| 082 | 0 | 4 | |a U863.4 |b B462q5 |
| 100 | 1 | |a Benedetti, Mario, |d 1920-2009 | |
| 245 | 1 | 0 | |a Quién de nosotros / |c Mario Benedetti. |
| 260 | 1 | |a México : |b Editorial Nueva Imagen, |c 1977. | |
| 300 | |a 107 páginas | ||
| 500 | |a Este título también se encuentra en el SIBDI | ||
| 650 | 4 | |a LITERATURA URUGUAYA | |
| 650 | 4 | |a NOVELA | |
| 500 | |a Colección George Yúdice | ||
| 999 | |c 17753 |d 17753 | ||
| 942 | |c BK |h U863.4 B462q5 |2 z | ||



